000 00632nam a2200229 i 4500
001 C2-0286899
003 PPAK
005 20180728020254.0
008 080130s my a|||| ||||| | eng d
020 _a9679950689
040 _aPPAK
_beng
_cPPAK
_erda
082 0 4 _a959.505
_223
090 0 0 _a959.505
_bKAM
_dG
245 0 0 _aKampung Diary
264 1 _aPenang :
_bConsumers Association of Penang ,
300 _a179 pages :
_billustrations ;
_c21 cm
336 _2rdacontent
_atext
337 _2rdamedia
_aunmediated
338 _2rdacarrier
_avolume
650 1 0 _aMalaysia--Social life and customs--History
942 _ddc
_cB
999 _c92616
_d92616